000 00948cam a2200325 a 4500
999 _c1868
_d1868
001 .b2525859x
003 OSt
005 20230213111424.0
008 220308s2020 nyua g 000 1 eng d
020 _a9780062338129
_q(pbk.) :
040 _aFCU
_cKH8
041 0 _aeng
042 _anbic
044 _axxu
_bnyu
082 0 _aFIC JOH
100 1 _aJohnson, Maureen,
_d1973-
245 1 4 _aThe hand on the wall /
_cMaureen Johnson.
250 _a1st pbk. ed.
260 _aNew York, NY :
_bKatherine Tegen Books,
_cc2020.
300 _a369 p. :
_bill. ;
_c21 cm.
440 2 _aA Truly Devious novel.
650 0 _aMurder
_vJuvenile fiction.
650 0 _aBoarding schools
_vJuvenile fiction.
650 0 _aBoarding school students
_vJuvenile fiction.
650 0 _aSchools
_vJuvenile fiction.
650 0 _aYoung adult fiction.
650 0 _aDetective and mystery stories.
651 0 _aVermont
_vJuvenile fiction.
942 _2ddc
_cFIC